Stochastic thoery of service systems (Record no. 12326)

000 -LEADER
fixed length control field 00487nam a22001937a 4500
001 - CONTROL NUMBER
control field 12326
003 - CONTROL NUMBER IDENTIFIER
control field BD-DhUET
008 - FIXED-LENGTH DATA ELEMENTS--GENERAL INFORMATION
fixed length control field 150225b xxu||||| |||| 00| 0 eng d
020 ## - INTERNATIONAL STANDARD BOOK NUMBER
International Standard Book Number 0080169481
040 ## - CATALOGING SOURCE
Original cataloging agency DLC
Transcribing agency DLC
Modifying agency BD-DhUET
082 ## - DEWEY DECIMAL CLASSIFICATION NUMBER
Classification number 658.4032
Item number KOS/1973
100 ## - MAIN ENTRY--PERSONAL NAME
Personal name Kosten, L.
245 ## - TITLE STATEMENT
Title Stochastic thoery of service systems
250 ## - EDITION STATEMENT
Edition statement 1st ed.
260 ## - PUBLICATION, DISTRIBUTION, ETC. (IMPRINT)
Place of publication, distribution, etc. Oxford
Name of publisher, distributor, etc. Pergamon Press
Date of publication, distribution, etc. 1973
300 ## - PHYSICAL DESCRIPTION
Extent xii, 168 p.
Other physical details ill.
Dimensions 18 cm.
650 #0 - SUBJECT ADDED ENTRY--TOPICAL TERM
Topical term or geographic name as entry element Quening theory
942 ## - ADDED ENTRY ELEMENTS (KOHA)
Koha item type General Book
Holdings
Koha date last seen Koha full call number Lost status Not for loan Sublocation or collection (holding branch) Source of classification or shelving scheme Withdrawn status Damaged status Price effective from Copy number Piece designation (barcode) Location (home branch) Koha normalized classification for sorting Shelving location Date acquired Koha item type
2015-02-25658.4032/KOS/1973  Central Library, BUET   2015-02-25143918Central Library, BUET658_403200000000000_KOS_1973Circulation section2015-02-25General Book
2015-02-28658.4032/KOS/1973  Central Library, BUET   2015-02-28243919Central Library, BUET658_403200000000000_KOS_1973Circulation section2015-02-28General Book